000 00792aam a2200277 i 4500
001 768714001
003 CO-MdFUSB
005 20250901103740.0
007 ta
008 250901txxx -us |||| |||| 00| 0 eng d
040 _cCO-MdFUSB
041 0 _aeng
082 0 4 _223
_a249.8
_bB8731d
100 1 _aBrooks, Keith L. (Leroy) (1888-1954)
_eautor
245 1 0 _aDevotionals in the epistles
_c/ Keith L. Brooks
264 _bAmerican Prophetic League,
_aLos Angeles, CA., USA :
_c[Fecha de producción no identificada]
300 _a158 páginas
336 _atexto
_btxt
_2rdacontent
337 _2rdamedia
_asin mediación
_bn
338 _2rdacarrier
_avolumen
_bnc
563 _aRústico
653 _aDevocionarios
942 _cBK
945 _aJTF-925
999 _c36333
_d36333